LEADER 01134nam a2200253 a 4500 001 000000153560 003 CaOOAMICUS 005 20160906135800.0 008 160906s2004 it 000 u ita r 032 $aLibriCat 040 $aPUL$bita 100 1 $aCodevilla, Giovanni.$0(OLS)http://pul/name/769 245 10$aLaicitą dello Stato e separatismo nella Russia di Putin /$cGiovanni Codevilla. 260 $aMilano :$bVita e pensiero,$c©2004. 300 $a[137]-454 p. ;$c22 cm. 500 $aEstratto da: Chiesa cattolica ed Europa centro-orientale : libertą religiosa e processo di democratizzazione a cura di Antonio G. Chizzoniti. 504 $aBibliografia in nota a pič pagina. 650 4$aLaicitą e diritto.$0(OLS)http://pul/subject/36678 850 $aPUL 852 $aPUL$W1$xDP1 Fondo G. Barberini$y122$m3 G 13$j166709$qFondi$B179477$CPULBib$Z2$F179477 $HBar1534 $81 941 1 $a1 996 $6245$aLaicitą dello Stato e separatismo nella Russia di Putin$9(OLS)http://pul/title/193022 996 $6260$aMilano :$bVita e pensiero$9(OLS)http://pul/publisher/48016 LEADER 01106nam a2200277 a 4500 001 000000175112 003 CaOOAMICUS 005 20220407172341.0 008 220407s2007 enk u000 u eng r 020 $a978-1-846-14028-0* 032 $aLibriCat 040 $aPUL$bita 082 04$a330.12 100 1 $aKlein, Naomi.$0(OLS)http://pul/name/85987 245 14$aThe shock doctrine :$bthe rise of disaster capitalism / $cNaomi Klein. 260 $aLondon :$bAllen Lane,$c2007. 300 $a558 p. ;$c24 cm 650 4$aCapitalismo$ySec. XXI.$0(OLS)http://pul/subject/44569 850 $aPUL 852 $aPUL$W1$xSL Diritto e Scienze Sociali 3$y79$m330. 12 KLENA 1$j199382$qDDC 21$B204080$CPULBib$Z2$F204080 $H135521 $82 941 1 $a9 996 $6020$a978-1-846-14028-0*$9(OLS)http://pul/number/168575 996 $6082$a330.12$9(OLS)http://pul/classification/2413 996 $6245$aThe shock doctrine :$bthe rise of disaster capitalism / $9(OLS)http://pul/title/216523 996 $6260$aLondon :$bAllen Lane$9(OLS)http://pul/publisher/84520